| 000 | 00710nam a2200181Ia 4500 | ||
|---|---|---|---|
| 008 | 090124s9999 xx 000 0 und d | ||
| 082 | _b11981 | ||
| 100 | _aऔरंगाबादकर अनुराधा | ||
| 245 | _a बाय़कोला मारणारा नवरा | ||
| 250 | _a1 | ||
| 260 |
_bविश्र्वमोहिनी प्रकाशन _c1980 |
||
| 300 | _a90 | ||
| 600 | _aऔरंगाबादकर अनुराधा | ||
| 630 | _a बाय़कोला मारणारा नवरा | ||
| 700 | _aऔरंगाबादकर अनुराधा | ||
| 730 | _a बाय़कोला मारणारा नवरा | ||
| 942 | _cBOOK | ||
| 999 |
_c86244 _d86244 |
||